| 000 | 00742cam a2200253 4500500 | ||
|---|---|---|---|
| 005 | 20260405003804.0 | ||
| 041 | _afre | ||
| 042 | _adc | ||
| 100 | 1 | 0 |
_aEltchaninoff, Michel _eauthor |
| 245 | 0 | 0 | _aDans la tête de Jordan Bardella |
| 260 | _c2023. | ||
| 500 | _a93 | ||
| 690 | _aExtrême droite | ||
| 690 | _aGrand remplacement | ||
| 690 | _aIdentité | ||
| 690 | _aJean-Marie Le Pen | ||
| 690 | _aJordan Bardella | ||
| 690 | _aLe Pen | ||
| 690 | _aMarine Le Pen | ||
| 690 | _aMichel Eltchaninoff | ||
| 690 | _aPolitique | ||
| 786 | 0 | _nPhilosophie magazine | 174 | 11 | 2023-11-01 | p. 13-15 | 1951-1787 | |
| 856 | 4 | 1 | _uhttps://shs.cairn.info/magazine-philosophie-magazine-2023-11-page-13?lang=fr&redirect-ssocas=7080 |
| 999 |
_c2070837 _d2070837 |
||